The Shannara chronicles book 1 : (Record no. 10246)

MARC details
000 -LEADER
fixed length control field 00558nam a22001697a 4500
003 - CONTROL NUMBER IDENTIFIER
control field OSt
005 - DATE AND TIME OF LATEST TRANSACTION
control field 20260505034015.0
008 - FIXED-LENGTH DATA ELEMENTS--GENERAL INFORMATION
fixed length control field 260505b |||||||| |||| 00| 0 eng d
020 ## - INTERNATIONAL STANDARD BOOK NUMBER
International Standard Book Number 9780345285546
040 ## - CATALOGING SOURCE
Original cataloging agency DWCL Main Lib.
Transcribing agency OC
082 ## - DEWEY DECIMAL CLASSIFICATION NUMBER
Classification number F B873s 1982
100 ## - MAIN ENTRY--PERSONAL NAME
Personal name Brooks, Terry
Relator term Author
245 ## - TITLE STATEMENT
Title The Shannara chronicles book 1 :
Remainder of title The Elfstones of the Shannara /
Statement of responsibility, etc. Terry Brooks
260 ## - PUBLICATION, DISTRIBUTION, ETC.
Place of publication, distribution, etc. New York :
Name of publisher, distributor, etc. Del Rey, an imprint of Random House, a division of Penguin Random House ;
Date of publication, distribution, etc. c1982.
300 ## - PHYSICAL DESCRIPTION
Extent 564 pages ;
Dimensions 18cm.
942 ## - ADDED ENTRY ELEMENTS (KOHA)
Source of classification or shelving scheme Dewey Decimal Classification
Koha item type Fiction
Suppress in OPAC No
952 ## - LOCATION AND ITEM INFORMATION (KOHA)
--
Holdings
Withdrawn status Lost status Source of classification or shelving scheme Damaged status Not for loan Home library Current library Shelving location Date acquired Source of acquisition Cost, normal purchase price Total Checkouts Full call number Barcode Date last seen Copy number Price effective from Koha item type Uniform Resource Identifier
    Dewey Decimal Classification     Junior High School Library Junior High School Library Fiction 09/19/2016 Library Fund 315.00   F B873s 1982 JHS - 19059 05/05/2026 c1 05/05/2026 FIC.